[Event "53rd Biel GMT Blitz 2020"]
[Site "Biel SUI"]
[Date "2020.07.25"]
[Round "11.2"]
[White "Harikrishna, Pentala"]
[Black "Anton Guijarro, David"]
[Result "0-1"]
[WhiteTitle "GM"]
[BlackTitle "GM"]
[WhiteElo "2719"]
[BlackElo "2703"]
[WhiteFideId "5007003"]
[BlackFideId "2285525"]
[EventDate "2020.07.25"]

1. d4 f5 2. Bg5 g6 3. e3 Bg7 4. Nd2 d6 5. Bc4 h6 6. Bh4 Nf6 7. Bxf6 Bxf6 8. Ne2
e5 9. dxe5 dxe5 10. e4 f4 11. g3 Nc6 12. gxf4 Qe7 13. f5 gxf5 14. Ng3 h5 15. c3
Bg5 16. Nf3 f4 17. Nf5 Bxf5 18. exf5 Bf6 19. Qd5 e4 20. Nd2 e3 21. Ne4 Rd8 22.
Qe6 Qxe6 23. Bxe6 Bh4 24. Ke2 Bxf2 25. Rad1 Ke7 26. Nxf2 exf2 27. Kxf2 Ne5 28.
Rd4 c5 29. Rxd8 Rxd8 30. Ke2 Kf6 31. Rg1 f3+ 32. Ke3 Rd3+ 33. Ke4 f2 34. Rf1 Rd2
35. b4 cxb4 36. cxb4 Ng4 37. Bc4 Nxh2 38. Rh1 Rc2 39. Bd3 Rb2 40. Kd4 Rxb4+ 41.
Kc3 Rh4 42. Kc2 Kg5 43. a4 Ng4 44. Rxh4 Kxh4 45. Kd2 Kg3 46. Be2 Nf6 47. Ke3 h4
48. Bf1 b6 49. Kd4 h3 50. Ke5 Ng4+ 0-1

[Event "53rd Biel GMT Blitz 2020"]
[Site "Biel SUI"]
[Date "2020.07.25"]
[Round "11.4"]
[White "Wojtaszek, Radoslaw"]
[Black "Adams, Michael"]
[Result "1/2-1/2"]
[WhiteTitle "GM"]
[BlackTitle "GM"]
[WhiteElo "2719"]
[BlackElo "2701"]
[WhiteFideId "1118358"]
[BlackFideId "400041"]
[EventDate "2020.07.25"]

1. d4 Nf6 2. c4 e6 3. Nf3 d5 4. Nc3 a6 5. cxd5 exd5 6. Bg5 Be6 7. e3 Nbd7 8. Bd3
Bd6 9. h3 c6 10. Bf4 Qc7 11. Qd2 O-O 12. O-O Rfe8 13. Bxd6 Qxd6 14. a3 h6 15. b4
b5 16. Ne2 Nb6 17. Nf4 Nfd7 18. Qc3 Rec8 19. Rfe1 Nc4 20. Nxe6 Qxe6 21. e4 dxe4
22. Rxe4 Qd5 23. Rae1 a5 24. bxa5 Nf6 25. Re7 Nxa5 26. Ne5 Rf8 27. Ng4 Nxg4 28.
hxg4 Nc4 29. Bxc4 Qxc4 30. Qxc4 bxc4 31. Rc1 Ra4 32. Rc3 Rd8 33. Re4 Kf8 34. f3
Rb8 35. Kf2 Rb3 36. Rce3 Ra8 37. Re5 Rbxa3 38. Rxa3 Rxa3 39. Rc5 Ra2+ 40. Kg3
Rd2 41. Rxc4 Ke7 42. Rxc6 Rxd4 1/2-1/2

[Event "53rd Biel GMT Blitz 2020"]
[Site "Biel SUI"]
[Date "2020.07.25"]
[Round "12.1"]
[White "Edouard, Romain"]
[Black "Studer, Noel"]
[Result "0-1"]
[WhiteTitle "GM"]
[BlackTitle "GM"]
[WhiteElo "2649"]
[BlackElo "2580"]
[WhiteFideId "633429"]
[BlackFideId "1319620"]
[EventDate "2020.07.25"]

1. c4 e5 2. Nc3 Nf6 3. Nf3 Nc6 4. g3 d5 5. cxd5 Nxd5 6. Bg2 Bc5 7. O-O O-O 8. d3
h6 9. Nxd5 Qxd5 10. Bd2 Re8 11. Bc3 Qd8 12. Nxe5 Nd4 13. Bxd4 Bxd4 14. Nc4 Bg4
15. Ne3 Bxe3 16. fxe3 Rxe3 17. Qb3 Qe7 18. Qxb7 Re8 19. Rac1 Rxe2 20. Rxc7 Qe3+
21. Kh1 Be6 22. Rcxf7 Bxf7 23. Qxf7+ Kh8 24. Be4 Rxe4 25. Qf8+ Kh7 26. Qf5+ Kh8
27. Qf8+ Kh7 28. Qf5+ Kh8 29. dxe4 Qd2 30. Qf8+ Kh7 31. Qf5+ Kh8 32. Qh3 Qb4 33.
Qe6 0-1

[Event "53rd Biel GMT Blitz 2020"]
[Site "Biel SUI"]
[Date "2020.07.25"]
[Round "12.2"]
[White "Anton Guijarro, David"]
[Black "Harikrishna, Pentala"]
[Result "0-1"]
[WhiteTitle "GM"]
[BlackTitle "GM"]
[WhiteElo "2703"]
[BlackElo "2719"]
[WhiteFideId "2285525"]
[BlackFideId "5007003"]
[EventDate "2020.07.25"]

1. Nf3 d5 2. b3 Nf6 3. Bb2 g6 4. c4 c6 5. e3 Bg7 6. Be2 O-O 7. O-O Bg4 8. d3 Re8
9. Nbd2 a5 10. h3 Bxf3 11. Nxf3 e6 12. Qc2 Nbd7 13. Rfd1 Qe7 14. Rac1 a4 15. Bc3
axb3 16. axb3 Ra7 17. Ra1 Rea8 18. Rxa7 Rxa7 19. b4 Ne8 20. Bxg7 Kxg7 21. c5
Nef6 22. d4 Qd8 23. b5 Qa8 24. Rb1 Ra3 25. Bd3 Qa5 26. Rb3 Ra1+ 27. Rb1 Ra4 28.
bxc6 bxc6 29. Qd2 Qxd2 30. Nxd2 e5 31. Nb3 exd4 32. exd4 Nf8 33. Ra1 Rb4 34. Bc2
Ne6 35. Rd1 h5 36. g3 Ne8 37. Rd2 N8c7 38. Bd1 Nb5 39. Na5 Nbxd4 40. Kg2 Rb5 41.
Ra2 Nxc5 42. h4 Ne4 43. Ra4 Nc3 44. Rxd4 Rxa5 45. Bf3 Kf6 46. Rd3 Rc5 47. g4
hxg4 48. Bxg4 Ne4 49. Bf3 Nd6 50. h5 gxh5 51. Bxh5 Rc2 52. Rf3+ Ke7 53. Re3+ Kd7
54. Rf3 Ke7 55. Re3+ Kf8 56. Bf3 Nf5 57. Ra3 Nh4+ 58. Kg3 Nxf3 59. Kxf3 Ke7 60.
Ke3 Rc4 61. f3 f5 62. Ra8 f4+ 63. Kd3 Kd6 64. Rd8+ Kc5 65. Rf8 Ra4 66. Rf6 Kb5
67. Rf5 Rc4 68. Re5 Rb4 69. Rf5 Ra4 70. Rg5 Ra3+ 71. Ke2 Kc4 72. Rf5 Ra2+ 73.
Kf1 d4 74. Rxf4 c5 75. Rf8 d3 76. Rd8 Kc3 77. f4 Ra1+ 78. Kf2 d2 0-1

[Event "53rd Biel GMT Blitz 2020"]
[Site "Biel SUI"]
[Date "2020.07.25"]
[Round "12.4"]
[White "Adams, Michael"]
[Black "Wojtaszek, Radoslaw"]
[Result "0-1"]
[WhiteTitle "GM"]
[BlackTitle "GM"]
[WhiteElo "2701"]
[BlackElo "2719"]
[WhiteFideId "400041"]
[BlackFideId "1118358"]
[EventDate "2020.07.25"]

1. e4 c5 2. Nf3 d6 3. d4 cxd4 4. Nxd4 Nf6 5. Nc3 a6 6. a4 e5 7. Nf3 Be7 8. Bc4
O-O 9. O-O Be6 10. Qe2 Qc7 11. Bb3 Nbd7 12. Rd1 Rfc8 13. Bg5 h6 14. Bxf6 Nxf6
15. Rd3 Qc5 16. a5 Bd8 17. Nd2 Bg4 18. Qf1 Bxa5 19. Nd5 Bd8 20. Nc4 Nxe4 21. Re1
Bf5 22. Qe2 b5 23. Nce3 Bg6 24. Qg4 Kh7 25. Nf5 Qxf2+ 0-1

[Event "53rd Biel GMT Blitz 2020"]
[Site "Biel SUI"]
[Date "2020.07.25"]
[Round "13.1"]
[White "Adams, Michael"]
[Black "Studer, Noel"]
[Result "0-1"]
[WhiteTitle "GM"]
[BlackTitle "GM"]
[WhiteElo "2701"]
[BlackElo "2580"]
[WhiteFideId "400041"]
[BlackFideId "1319620"]
[EventDate "2020.07.25"]

1. e4 e5 2. Nf3 Nf6 3. Nxe5 d6 4. Nf3 Nxe4 5. Nc3 Nxc3 6. dxc3 Be7 7. Be3 O-O 8.
Qd2 Nd7 9. O-O-O Nf6 10. Bd3 c5 11. Rhe1 Be6 12. Kb1 Qa5 13. c4 Qxd2 14. Bxd2 h6
15. h3 Rfe8 16. Nh4 Bf8 17. Bc3 Nd7 18. Bf5 Nb6 19. Bxe6 fxe6 20. b3 d5 21. cxd5
exd5 22. Bb2 d4 23. c3 Rxe1 24. Rxe1 dxc3 25. Bxc3 Nd5 26. Bb2 Nf4 27. Bc1 Nd3
28. Re2 b5 29. Nf5 Rd8 30. Be3 a5 31. g4 c4 32. bxc4 bxc4 33. Kc2 Bb4 34. h4
Ne1+ 35. Kb2 Rd1 36. a3 Nd3+ 37. Ka2 Bc3 0-1

[Event "53rd Biel GMT Blitz 2020"]
[Site "Biel SUI"]
[Date "2020.07.25"]
[Round "13.2"]
[White "Naiditsch, Arkadij"]
[Black "Wojtaszek, Radoslaw"]
[Result "0-1"]
[WhiteTitle "GM"]
[BlackTitle "GM"]
[WhiteElo "2626"]
[BlackElo "2719"]
[WhiteFideId "4650891"]
[BlackFideId "1118358"]
[EventDate "2020.07.25"]

1. e4 c5 2. Nf3 d6 3. Nc3 Nf6 4. d4 cxd4 5. Qxd4 Nc6 6. Bb5 Bd7 7. Bxc6 Bxc6 8.
Bg5 e6 9. O-O-O Be7 10. Qd3 Qa5 11. Bd2 d5 12. exd5 Bxd5 13. Nxd5 Qxd5 14. Qxd5
Nxd5 15. Nd4 Rc8 16. Nb5 a6 17. Nc3 Nb6 18. Bf4 f6 19. Rhe1 Rc6 20. a4 Bb4 21.
Re3 Bxc3 22. bxc3 Nxa4 23. Red3 O-O 24. Rd7 Nxc3 25. R1d2 Nd5 26. Bg3 Rf7 27.
Rd8+ Rf8 28. Rd7 b5 29. Kb2 h5 30. h4 Nb6 0-1

[Event "53rd Biel GMT Blitz 2020"]
[Site "Biel SUI"]
[Date "2020.07.25"]
[Round "13.4"]
[White "Edouard, Romain"]
[Black "Harikrishna, Pentala"]
[Result "1-0"]
[WhiteTitle "GM"]
[BlackTitle "GM"]
[WhiteElo "2649"]
[BlackElo "2719"]
[WhiteFideId "633429"]
[BlackFideId "5007003"]
[EventDate "2020.07.25"]

1. d4 d5 2. c4 dxc4 3. e4 Nf6 4. e5 Nd5 5. Bxc4 Nb6 6. Bd3 Nc6 7. Ne2 Bg4 8. Be3
e6 9. Nbc3 Be7 10. a3 Qd7 11. b4 Rd8 12. Be4 O-O 13. Qc2 Bf5 14. Bxf5 exf5 15.
Rd1 a5 16. b5 Na7 17. a4 Nac8 18. d5 Nc4 19. Bd4 N8b6 20. Bxb6 Nxb6 21. O-O Rfe8
22. f4 Nc4 23. Rf3 Bc5+ 24. Nd4 Nb6 25. Kh1 Nxd5 26. Nb3 Bb4 27. Nxd5 Qe6 28.
Rfd3 Rc8 29. Nc5 Qh6 30. Nxb7 Bf8 31. Qc6 Qh4 32. g3 Qg4 33. Ne3 Qh5 34. Nxa5
Re6 35. Qg2 g5 36. Nd5 Kh8 37. Nc6 Ra8 38. Nd4 Rg6 39. Nxf5 gxf4 40. Nxf4 Qxf5
41. Nxg6+ hxg6 42. Qxa8 Kg7 43. Qg2 Bb4 44. e6 Qxe6 45. Qb2+ 1-0

[Event "53rd Biel GMT Blitz 2020"]
[Site "Biel SUI"]
[Date "2020.07.25"]
[Round "14.2"]
[White "Wojtaszek, Radoslaw"]
[Black "Naiditsch, Arkadij"]
[Result "1-0"]
[WhiteTitle "GM"]
[BlackTitle "GM"]
[WhiteElo "2719"]
[BlackElo "2626"]
[WhiteFideId "1118358"]
[BlackFideId "4650891"]
[EventDate "2020.07.25"]

1. d4 Nf6 2. c4 e6 3. Nf3 Bb4+ 4. Bd2 c5 5. Bxb4 cxb4 6. e3 O-O 7. a3 Qe7 8. Be2
b6 9. axb4 Qxb4+ 10. Qd2 Qxd2+ 11. Nfxd2 Bb7 12. Bf3 Bxf3 13. Nxf3 Rc8 14. Nbd2
d5 15. cxd5 Nxd5 16. Ke2 Nc6 17. Rhc1 Kf8 18. Rc4 Na5 19. Rcc1 Ke7 20. Ne5 f6
21. Nd3 Nc6 22. Rc4 Kd7 23. Rac1 a5 24. g4 g5 25. e4 Nf4+ 26. Nxf4 gxf4 27. Nf3
a4 28. g5 a3 29. bxa3 Rxa3 30. gxf6 b5 31. Rxc6 1-0

[Event "53rd Biel GMT Blitz 2020"]
[Site "Biel SUI"]
[Date "2020.07.25"]
[Round "14.4"]
[White "Harikrishna, Pentala"]
[Black "Edouard, Romain"]
[Result "1-0"]
[WhiteTitle "GM"]
[BlackTitle "GM"]
[WhiteElo "2719"]
[BlackElo "2649"]
[WhiteFideId "5007003"]
[BlackFideId "633429"]
[EventDate "2020.07.25"]

1. e4 c5 2. Nf3 d6 3. c3 Nf6 4. Be2 g6 5. O-O Bg7 6. Bb5+ Bd7 7. Bxd7+ Nbxd7 8.
Re1 Ne5 9. d4 Nxf3+ 10. Qxf3 cxd4 11. cxd4 O-O 12. Nc3 Qb6 13. Qd1 e6 14. Rb1
Rac8 15. Be3 d5 16. e5 Nd7 17. h4 f6 18. f4 f5 19. h5 Kf7 20. Qa4 Rfd8 21. Bf2
Qc6 22. Nb5 Bf8 23. Qb3 Qb6 24. Qd3 a6 25. Nc3 Be7 26. Qh3 Rg8 27. Nxd5 exd5 28.
e6+ Ke8 29. exd7+ Kxd7 30. Re5 Bd6 31. hxg6 Bxe5 32. gxh7 Rh8 33. dxe5 Qg6 34.
e6+ Kxe6 35. Re1+ Kf7 36. Qd3 Qxh7 37. Qxd5+ 1-0